=LDR 00000nam 2200000 4500 =001 INLIS000000000038298 =005 20130612143954 =008 ***********************************Ind** =035 ##$$a0010-061300000038298 =041 ##$$a Ind =082 ##$$a 641.8 =090 ##$$a 641.8, Ser s =245 ##$$a 100 resep kolak favorit, Oleh dapur Alma; Editor, Intarina Hardiman =260 ##$$a 2010 $b Jakarta =300 ##$$a 104 hlm, Ilus, 24 cm =650 ##$$a Kue Kolak =700 ##$$a Dapur Alma =850 ##$$a NBPNMAT =990 ##$$a 21195371/BPAP-NTB/2014 =990 ##$$a 0001/BPAP-NTB/20142014 =990 ##$$a 0001/BPAP-NTB/20142014